|
|
|
|
| LEADER |
00000csc a2200000 a 4500 |
| 001 |
64995b |
| 005 |
20230308212331.0 |
| 008 |
000000|1991 ||||||||r|||||||||||spa|| |
| 040 |
|
|
|b spa
|
| 041 |
1 |
|
|a spa
|
| 082 |
0 |
|
|a 330.86
|
| 100 |
1 |
|
|a Urioste, Juan Cristóbal
|9 183586
|
| 245 |
|
|
|a Agenda de reformas jurídicas para las estrategia Ecuador siglo XXI
|c Juan Cristóbal Urioste
|h imp
|
| 250 |
|
|
|a 2a ed.
|
| 264 |
|
|
|a Quito
|b CONADE
|c 1991
|
| 300 |
|
|
|a 22 páginas:
|c 28.5 cm
|
| 490 |
|
|
|a Ecuador Siglo XXI. Materiales de Discusión
|
| 504 |
|
|
|a incl. ref.
|
| 650 |
|
|
|a Reformas juridicas ecuatorianas
|9 288744
|
| 650 |
|
|
|a Sistema politico
|9 250
|
| 650 |
|
|
|a Reformas economicas
|9 288745
|
| 852 |
|
|
|a UC-CDJBV
|c ESTANTERIA CERRADA
|f Donación
|k mariana.feican
|l 1
|m General
|p 00000000
|r 2
|t 64995b
|b 0
|d CDRC
|e CDRC
|g 330.86 ESTANTERIA CERRADA
|z 0000-00-00
|
| 942 |
|
|
|
| 999 |
|
|
|c 121711
|d 121711
|